| 000 | 00899nam0a22002651 4500 | ||
|---|---|---|---|
| 001 | RU\NLR\A1SV\160808 | ||
| 005 | 20251203171251.9 | ||
| 035 | _a(NLR Aleph) 022209203 | ||
| 090 |
_a13068252 _c13068252 |
||
| 100 | _a20240425d1926 u y0rusy50 ca | ||
| 101 | 0 | _arus | |
| 102 | _aRU | ||
| 200 | 1 |
_aПолитическая работа на военных играх _fА.Шифрес |
|
| 210 |
_aМ. _cВоен. вестн. _d[1926] |
||
| 215 |
_a95 с., из них 2 с. для заметок _cсхем. _d22 см |
||
| 300 | _aНа тит. л. дата: 1927. Датировано по штампу поступления в РГБ | ||
| 620 | _dМосква | ||
| 700 | 1 |
_aШифрес _bА.Л. _f1898-1938 _gАлександр Львович |
|
| 801 | 0 |
_aRU _bNLR _c20240425 |
|
| 899 |
_aРНБ _j18.164.6.46 |
||
| 899 | _aРГБ | ||
| 942 | _cBOOK | ||
| 980 | _aNB | ||
| 980 | _aA1SV | ||